000 00209 a2200097 4500
001 4835
100 _aBohr,N
245 _aAtomic physics & human knowledge
260 _a
_bSciecne edt
_c
090 _c4026
_d4026
942 _aNUST-CAE
_cM
_c30297
999 _c239908
_d239908